000 00449nam a2200181Ia 4500
003 GCL
008 140319s9999 xx 000 0 eng d
040 _aGCL /
_cGCL
082 0 4 _a843
_bG B
100 1 _aGENET, JEAN
245 1 0 _aLES BONNES /
_cGENET, JEAN
260 _a[S.N] :
_bMARC BARBEZAT-LARBALB ،
_c1976
300 _a113 P
490 _aCOLLECTION FOLIO
_v0
650 0 4 _aLITERATURE
650 0 4 _aFRENCH LITERATURE
942 _2ddc
_cBK
999 _c22677
_d22677